Composición y variación espacio-temporal de epífitos algales sobre Ulva sp. /

Guardado en:
Autor Principal: Odorisio, Mariangeles.
Otros Autores: Gauna, María Cecilia, dir. de tesina.
Formato: Manuscrito
Idioma:Spanish
Publicado: 2017.
Materias:
Etiquetas: Agregar Etiqueta
Sin Etiquetas, Sea el primero en etiquetar este registro!
LEADER 01051ntm a22002535a 4500
001 EUN.eunm007202
008 171206s2017####ag#a#####b####000#0#spa#d
005 20251016133415.0
245 1 0 |a Composición y variación espacio-temporal de epífitos algales sobre Ulva sp. /  |c Odorisio, Mariangeles ; directora: M. Cecilia Gauna. 
260 |c 2017. 
300 |a 41 h. :  |b il. ;  |c 30 cm. 
502 |a Tesis (licenciatura)-Universidad Nacional del Sur. Departamento de Biología, Bioquímica y Farmacia, 2017. 
504 |a Incluye referencias bibliográficas. 
100 1 |a Odorisio, Mariangeles. 
700 1 |a Gauna, María Cecilia,  |d dir. de tesina. 
710 2 |a Universidad Nacional del Sur.  |b Departamento de Biología, Bioquímica y Farmacia  |4 dgg. 
082 0 4 |a 589.3  |2 15 
650 7 |a Botánica.  |2 unbist 
650 7 |a Algas.  |2 unbist 
650 7 |a Clorofíceas.  |2 abne 
650 7 |a Comunidades de plantas.  |2 abne 
653 |a Epifitismo 
653 |a Golfo Nuevo (Chubut, Argentina) 
859 |a AR-BaUNS  |b BIB. CENTRAL - Sector A  |h 589.3  |i Od5  |p 129100/025  |t Ej.2